00771nam a22002057a 4500999001900000005001700019010001500036020002600051035001400077037001300091082001100104100001700115245008600132250001200218260002900230270013000259300003000389942002500419952012100444 c175149d17514920200811122842.0 aENG-128336 c699.00a9789353949495 aEN-111868 bDBAD/PUB a610.73 aParwez,Saroj aComplete Companion for B.Sc Nursing GNM/cby Prashant JainbEntrance Examination: a5th ed. aNew DelhibPearsonc2021 a15th floor,Tower-B,Word Trade Tower,Plot no.1,Block-C sec 16,bNoidae201301k04466540100mcompanysecretary.india@pearson.com avarious pages.c25cm(pbk) 2ddccENh610.73mPAR 001040708NFICaAVbAVd2020-08-11eDBAD/PUBg699.00l0o610.73 PARpEN-111868r2026-04-30 16:17:41t1v699.00yEN